000
00207nam a2200085Ia 4500
008
120527s9999 xx 000 0 und d
100
_a
FED.REP.OF NIG.
245
_a
Manual on University management
942
_c
BK
999
_c
25298
_d
25298